[Event "Mechanics' Summer TNM; G/2 d5"]
[Site "San Francisco"]
[Date "2017.05.23"]
[Round "1.38"]
[White "Adkins, Rico"]
[Black "Baterdene, Jonathan"]
[Result "1-0"]
[WhiteElo "1728"]
[BlackElo "1079"]
[PlyCount "59"]
[EventDate "2017.??.??"]

1. Nf3 d5 2. c4 Nf6 3. cxd5 Nxd5 4. e4 Nf6 5. Nc3 Bg4 6. Be2 Bxf3 7. Bxf3 e5 8.
Qe2 Nc6 9. Qb5 a6 10. Qc4 Nd4 11. Bd1 b5 12. Qd3 Bc5 13. O-O O-O 14. a3 Bb6 15.
b4 Qd7 16. Qg3 Qc6 17. Re1 Rfe8 18. Bb2 Re7 19. Rc1 Qb7 20. d3 Qa7 21. Qh4 Nb3
$2 22. Bxb3 c5 23. Nd5 Rd7 24. Nxf6+ gxf6 25. Qxf6 Rxd3 26. Bxe5 Kf8 27. Bd5
Rxd5 28. exd5 Qd7 29. Qh8+ Ke7 30. Bb8+ 1-0

[Event "Mechanics' Summer TNM; G/2 d5"]
[Site "San Francisco"]
[Date "2017.06.06"]
[Round "3.30"]
[White "Adkins, Rico"]
[Black "Harris, Clarence"]
[Result "1-0"]
[WhiteElo "1728"]
[BlackElo "1411"]
[PlyCount "29"]
[EventDate "2017.??.??"]

1. Nf3 Nf6 2. c4 g6 3. g3 Bg7 4. Bg2 O-O 5. d4 d6 6. O-O Nc6 7. Nc3 Bd7 8. h3
e5 9. d5 Ne7 10. c5 e4 11. Ng5 dxc5 12. Ngxe4 b6 13. d6 Nc6 14. Bg5 cxd6 15.
Nd5 1-0

[Event "Mechanics' Summer TNM; G/2 d5"]
[Site "San Francisco"]
[Date "2017.06.20"]
[Round "5.30"]
[White "Adkins, Rico"]
[Black "Robertson, Terrance"]
[Result "1/2-1/2"]
[WhiteElo "1728"]
[BlackElo "1421"]
[Annotator "Winslow,E"]
[PlyCount "107"]
[EventDate "2017.??.??"]

1. Nf3 d5 2. d4 Nf6 3. c4 e6 4. g3 Be7 5. Bg2 O-O 6. Qc2 c6 7. O-O Nbd7 8. b3
b6 9. Nbd2 Bb7 10. e4 Nxe4 11. Nxe4 dxe4 12. Qxe4 Nf6 13. Qc2 c5 14. dxc5 Bxc5
15. Rd1 Qe7 16. Bb2 Bxf3 (16... Ne4 $1 17. Bd4 e5 $11) 17. Bxf3 Rad8 18. Qe2
Rxd1+ 19. Rxd1 Rd8 20. Qe5 Rxd1+ 21. Bxd1 Qd8 22. Bf3 Qd6 23. Qxd6 (23. Kg2)
23... Bxd6 24. Bc3 Nd7 25. b4 (25. Kf1) 25... Be5 26. Bxe5 $6 Nxe5 $11 27. Be2
Nc6 28. a3 Kf8 29. f4 e5 (29... a5 $5 $15) 30. fxe5 Nxe5 31. Kf2 Ke7 32. Ke3
Kd6 33. Ke4 g6 $6 34. c5+ bxc5 35. bxc5+ Ke6 36. Kd4 f5 37. h4 {
Now there is no fork on f3...} h6 $6 (37... Nc6+ $11) 38. Ba6 (38. Bb5 $5 Nf3+
39. Ke3 Ne5 40. c6 Kd6 41. Kf4 Nxc6 42. Bxc6 Kxc6 43. Ke5 a5 44. Kf6 g5 45.
hxg5 hxg5 46. Kxg5 {ends up Q v RP on the 7th, draw:} Kb5 47. Kxf5 Ka4 48. g4
Kxa3 49. g5 Kb2 50. g6 a4 51. g7 a3 52. g8=Q a2 $11) 38... g5 $2 (38... Nc6+
$11) 39. hxg5 $2 (39. Bc8+ $18) 39... hxg5 $4 ({Last chance to toss in} 39...
Nc6+ $11) 40. Bc8+ $18 Kf6 41. Kd5 f4 42. gxf4 gxf4 43. Bh3 $6 {
It gets a bit tricky (those pesky knights!)} (43. Ba6 {is smoothest} Ng6 44. c6
Ne7+ 45. Kd6 Nf5+ 46. Kc5 {White's king keeps Black's king away from White's
last pawn, not that it had to...} (46. Kd7 Ke5 47. c7 Nd6 48. a4 Kd5 49. Be2)
46... Ne7 47. c7) 43... f3 (43... Ng6 44. c6 (44. Kd6)) 44. Kd6 $4 ({
Oh just push the pawn!} 44. c6 $18) (44. a4 {wins too, if we must know}) 44...
Nc4+ $11 45. Kd7 Nxa3 {Now all Black has to do is trade knight for c-pawn...}
46. c6 Nc4 47. c7 Nb6+ {But what is **White** to do? He must keep an eye on
the new passed pawn on the block...} 48. Kc6 (48. Kd8 $4 a5 $19 {!!}) 48... Ke7
49. Kb7 Kd6 50. Bf1 $11 (50. c8=Q $4 Nxc8 $19 {
The bishop can't stop both pawns.}) (50. Kxa7 $4 Kxc7 $19 {
The bishop eventually gets pushed off covering the f1 square.}) 50... Kd7 51.
Bb5+ Kd6 52. Bc6 f2 53. Bb5 (53. Bg2 {is a lot easier!}) 53... Kc5 {
[#] White now has only one move! To draw!} 54. Bf1 $4 (54. Ba6 $1 {
when any king move is a draw. And **not**} f1=Q $4 55. Bxf1 {
which is winning for White. But he has to see the key move:} a5 56. Be2 a4 57.
Bf1 a3 {Ready?} 58. Bc4 $3 Nxc4 (58... Kxc4 59. Kxb6 Kb3 (59... a2 60. c8=Q+
Kb3 61. Qc1) 60. c8=Q Kb2 61. Qh8+ Kb1 62. Kc5 a2 63. Qh1+ Kb2 64. Qg2+ Kb1 65.
Kc4 a1=Q 66. Kb3) 59. c8=Q+ {Is this winning?} Kb4 60. Qa8 $1 Kb3 (60... Na5+
61. Kb6 Nc4+ 62. Kc6 Na5+ 63. Kd5 a2 64. Qf8+ Kb3 65. Qf3+ Kb2 66. Qe2+ Ka3 67.
Qd1 Nb3 68. Kc4 a1=N $3 69. Kc3 {mate in 8 -- oh well!}) 61. Kc6 Kb2 62. Kc5 {
It's almost like the knight isn't there}) (54. Bf1 $4 {
1/2-1/2 ?? Black misses **his** chance!} a5 $1 {
There won't be any clever zugzwangs with both of Black's pawns alive!} 55.
c8=Q+ Nxc8 56. Kxc8 {when there probably isn't a human alive who wouldn't play}
a4 ({But} 56... Kd6 $1 {mates one move sooner! I knew the computer would be
good for **something** in this endgame...})) 1/2-1/2

[Event "Mechanics' Summer TNM; G/2 d5"]
[Site "San Francisco"]
[Date "2017.06.27"]
[Round "6.27"]
[White "Adkins, Rico"]
[Black "Zaman, Ahyan"]
[Result "1-0"]
[WhiteElo "1728"]
[BlackElo "1371"]
[PlyCount "69"]
[EventDate "2017.??.??"]

1. Nf3 d5 2. c4 Nf6 3. cxd5 Nxd5 4. e4 Nf6 5. Nc3 Nc6 6. d4 Bg4 7. d5 Ne5 8.
Be2 Nxf3+ 9. Bxf3 Bxf3 10. Qxf3 e5 11. dxe6 fxe6 12. O-O Be7 13. Rd1 Qc8 14.
Bf4 O-O 15. Qe2 Nd7 16. Bg3 Bf6 17. Nb5 Ne5 18. Rac1 Rf7 19. Nd6 cxd6 20. Rxc8+
Rxc8 21. f4 Nc6 22. Qc4 e5 23. fxe5 dxe5 24. Qe6 Rcf8 25. Bf2 Be7 26. a3 Kh8
27. Be3 Nd4 28. Bxd4 exd4 29. b4 a5 30. Qc4 axb4 31. axb4 b6 32. Qxd4 Rf6 33.
g3 h6 34. Qb2 g5 35. Rd7 1-0

[Event "Mechanics' Fall TNM; G/2 d5"]
[Site "San Francisco"]
[Date "2017.11.21"]
[Round "5.41"]
[White "Agdamag, Samuel"]
[Black "Badgett Jr, James"]
[Result "1-0"]
[WhiteElo "1432"]
[BlackElo "974"]
[PlyCount "45"]
[EventDate "2017.??.??"]

1. e4 c5 2. Nf3 d6 3. d4 cxd4 4. Nxd4 a6 5. Be3 Nf6 6. Nc3 Qa5 7. Qd2 Nxe4 $4
8. Nxe4 Qxd2+ 9. Bxd2 e5 10. Nb3 Bf5 11. Bd3 Nc6 12. Nxd6+ Bxd6 13. Bxf5 O-O
14. O-O-O g6 15. Be4 Rac8 16. Bh6 Rfd8 17. Rd2 b5 18. Rhd1 Nb4 19. Rxd6 Re8 20.
a3 Rc4 21. Rd8 Na2+ 22. Kb1 f6 23. Rxe8+ 1-0

[Event "Mechanics' Spring TNM; G/2"]
[Site "San Francisco"]
[Date "2017.04.18"]
[Round "6.28"]
[White "Agdamag, Samuel"]
[Black "Campers Jr, Willie"]
[Result "0-1"]
[WhiteElo "1503"]
[BlackElo "1721"]
[PlyCount "72"]
[EventDate "2017.??.??"]

1. c4 c5 2. Nc3 Nc6 3. Nf3 d6 4. g3 Be6 5. d3 Qd7 6. Ng5 Bg4 7. h3 Bh5 8. Bg2
h6 9. Nf3 Nf6 10. O-O Bg6 11. Bf4 e5 12. Bd2 Be7 13. Nh4 Bh7 14. a3 a6 15. Na4
Bd8 16. Nc3 O-O 17. Nf3 Rb8 18. Rb1 b5 19. b3 Bc7 20. Ne1 Rb6 21. Nc2 Rfb8 22.
Ne3 bxc4 23. bxc4 Rxb1 24. Nxb1 Rb2 25. Bc3 Ra2 26. Re1 Nd4 27. Bxd4 cxd4 28.
Nd5 Nxd5 29. cxd5 Ba5 30. Qb3 Qb5 31. Qxa2 Bxe1 32. Kf1 Ba5 33. Qc2 Bf5 34. Nd2
Bxd2 35. Qxd2 Bd7 36. Qc1 Qb3 {Black later won. Remaining moves unavailable.}
0-1

[Event "Mechanics' Fall TNM; G/2 d5"]
[Site "San Francisco"]
[Date "2017.10.24"]
[Round "1.20"]
[White "Agdamag, Samuel"]
[Black "Clemens, Kristian"]
[Result "1-0"]
[WhiteElo "1432"]
[BlackElo "1938"]
[PlyCount "61"]
[EventDate "2017.??.??"]

1. e4 e5 2. Nf3 Nf6 3. Nc3 Nc6 4. d4 exd4 5. Nxd4 Bc5 6. Be3 Nxd4 7. Bxd4 Qe7
8. e5 d6 9. Bxc5 dxc5 10. Qe2 Ng4 11. Nd5 Qd7 12. O-O-O Qc6 13. f3 Nh6 14. Qb5
Kf8 15. Qxc6 bxc6 16. Nxc7 Ke7 17. Nxa8 Bb7 18. Nc7 Nf5 19. Ba6 Rb8 20. Rd2 Ne3
21. Rd3 Nxg2 22. Rhd1 Bxa6 23. Rd7+ Kf8 24. Nxa6 Rb6 25. Rxa7 g6 26. Rdd7 Kg7
27. Rxf7+ Kh6 28. f4 Kh5 29. h3 h6 30. e6 Rb4 31. Nxb4 1-0

[Event "Mechanics' Fall TNM; G/2 d5"]
[Site "San Francisco"]
[Date "2017.11.07"]
[Round "3.30"]
[White "Agdamag, Samuel"]
[Black "Crofts, Jacob"]
[Result "0-1"]
[WhiteElo "1432"]
[BlackElo "1714"]
[Annotator "Winslow,E"]
[PlyCount "62"]
[EventDate "2017.??.??"]

1. e4 c5 2. Nf3 Nc6 3. d4 cxd4 4. Nxd4 g6 5. Be3 Bg7 6. Nc3 Nf6 7. Be2 O-O 8.
Nb3 a6 9. a4 Na5 10. Nd4 d5 11. exd5 Nxd5 12. Nxd5 Qxd5 13. O-O Rd8 14. Qd3
Bxd4 15. Rfd1 e5 16. c3 Bf5 17. Qd2 Nb3 18. Qe1 Nxa1 19. Rxa1 Bxe3 20. fxe3 Qd2
21. Qf2 Qxb2 22. Rf1 Rd2 23. Re1 Bd3 24. Rf1 f5 25. Qg3 Rxe2 26. Qxe5 Rxg2+ 27.
Kh1 Rg4 28. Qd5+ Kg7 29. Qe5+ Kh6 30. Qf4+ Rxf4 31. Rxf4 Be4+ 0-1

[Event "Mechanics' Peter Grey TNM; G/2 d5"]
[Site "San Francisco"]
[Date "2017.09.26"]
[Round "8"]
[White "Agdamag, Samuel"]
[Black "Donaldson, William John"]
[Result "0-1"]
[WhiteElo "1421"]
[BlackElo "2417"]
[Annotator "Donaldson"]
[PlyCount "86"]
[EventDate "2017.??.??"]

1. e4 c5 2. Nf3 g6 3. Nc3 Bg7 4. g3 Nc6 5. Bg2 e5 6. d3 Nge7 7. Bg5 f6 8. Be3
d6 9. O-O O-O 10. Qd2 Be6 11. Bh6 $6 (11. Ne1) 11... d5 (11... Bxh6 12. Qxh6
Nd4 13. Nxd4 cxd4 14. Ne2 d5) 12. exd5 Nxd5 13. Bxg7 Kxg7 14. Ne4 b6 15. a3 Qd7
16. Rfe1 Rfd8 17. Rab1 a5 18. Qd1 Rac8 19. Ned2 Bg4 20. Nc4 $6 b5 $17 21. Ne3
Nxe3 22. Rxe3 Nd4 23. Qc1 c4 $1 24. Nxd4 exd4 25. Re4 Bf5 (25... cxd3 26. Qe1
dxc2 27. Re7+ Qxe7 28. Qxe7+ Kg8 29. Rf1 d3 {is another way to win.}) 26. Rh4
g5 27. Re4 cxd3 28. Qd2 dxc2 29. Rc1 d3 30. Re3 Re8 31. Rxe8 Rxe8 32. Bf3 {
Diagram [#]} b4 (32... g4 $1 33. Bd1 Re1+ $1 34. Qxe1 d2 $19) 33. axb4 axb4 (
33... g4 $1) 34. b3 Qd4 (34... g4 35. Bd1 Re1+) 35. Rxc2 dxc2 36. Qxd4 c1=Q+
37. Kg2 Re1 38. Qa7+ Kh6 39. h3 Rh1 40. Bd5 Bxh3+ (40... Qg1+ 41. Kf3 Qd1+ 42.
Ke3 Re1#) 41. Kf3 Qc3+ 42. Qe3 Re1 43. Qxc3 bxc3 0-1

[Event "Mechanics' Fall TNM; G/2 d5"]
[Site "San Francisco"]
[Date "2017.11.28"]
[Round "6.36"]
[White "Agdamag, Samuel"]
[Black "Nyangar, Enkhmaa"]
[Result "0-1"]
[WhiteElo "1432"]
[BlackElo "1605"]
[Annotator "Donaldson"]
[PlyCount "98"]
[EventDate "2017.??.??"]

1. e4 c5 2. Nf3 Nc6 3. d4 cxd4 4. Nxd4 Nf6 5. Nc3 g6 6. g3 (6. Nxc6 $1 bxc6 7.
e5 Ng8 8. Bc4) 6... Bg7 7. Bg2 Qa5 (7... O-O) 8. Nb3 Qb4 9. O-O d6 10. Bd2 Bg4
11. Qc1 Qb6 12. Be3 Qb4 13. a3 Qc4 14. Nd2 Qe6 15. Nb5 Qd7 16. Nb3 $2 Be2 17.
Nc3 Bxf1 18. Kxf1 Ng4 19. h3 Nxe3+ 20. Qxe3 Ne5 21. Qe2 O-O 22. Rd1 b6 23. Nd4
Rac8 24. Qa6 Nc4 25. b3 Ne3+ 26. fxe3 Rxc3 27. Qe2 Rfc8 28. Rd2 Be5 29. Qf2 a6
30. Nf3 Qb5+ 31. Kg1 Qc6 32. Ng5 f6 33. Nf3 Rxc2 34. Nd4 Bxd4 35. exd4 Rxd2 36.
Qxd2 Qc1+ 37. Qxc1 Rxc1+ 38. Bf1 Rc3 39. Kh2 b5 40. a4 Rxb3 41. axb5 axb5 42.
g4 Kg7 43. d5 b4 44. Kg2 Rb2+ 45. Kf3 b3 46. Bc4 Rc2 47. Bd3 Rc1 48. Ke2 b2 49.
Kd2 b1=Q 0-1

[Event "Mechanics' Peter Grey TNM; G/2 d5"]
[Site "San Francisco"]
[Date "2017.09.19"]
[Round "7.36"]
[White "Agdamag, Samuel"]
[Black "Revi, Frank"]
[Result "1-0"]
[WhiteElo "1421"]
[BlackElo "1306"]
[Annotator "Donaldson"]
[PlyCount "133"]
[EventDate "2017.??.??"]

1. e4 c5 2. Nf3 Nc6 3. d4 cxd4 4. Nxd4 Nf6 5. Nc3 d6 6. Bc4 e6 7. Bg5 Be7 8.
Ndb5 Ne5 9. Be2 d5 10. Bxf6 Bxf6 11. exd5 a6 12. Nd4 exd5 13. O-O O-O 14. Re1
Qd6 15. Rb1 b5 16. a3 Bb7 17. Bg4 Qc5 18. Nb3 Qc7 19. Bf5 Rad8 20. Nd4 Nc6 21.
Nxc6 Qxc6 22. Qd3 g6 23. Qg3 Kh8 24. Bg4 d4 25. Bf3 Qc8 26. Bxb7 Qxb7 27. Ne4
Be7 28. Nd2 Qc6 $4 29. Rxe7 Qxc2 30. Qe5+ Kg8 31. Qe1 d3 32. Qd1 Rd5 33. Nf1
Qc6 34. Rc1 Qf6 35. Ra7 Qxb2 36. Rxa6 Rf5 37. Qd2 Qd4 38. Ne3 Rh5 39. h3 Rd8
40. Ng4 Rc5 41. Rxc5 Qxc5 42. Nf6+ Kg7 43. Ne4 Qd4 44. Nc3 Rc8 45. Nxb5 Qa1+
46. Kh2 Qe5+ 47. g3 Qxb5 48. Rd6 Rc2 49. Qb4 Qe5 50. Qd4 Qxd4 51. Rxd4 Rxf2+
52. Kg1 Rd2 53. h4 h5 54. Kf1 Rd1+ 55. Kf2 Kf6 56. Ke3 d2 57. Rxd2 Rg1 58. Kf2
Ra1 59. Rd3 Kf5 60. Kf3 f6 61. Re3 g5 62. Rc3 gxh4 63. gxh4 Rf1+ 64. Kg3 Rf4 $4
(64... Ra1 $11) 65. Rc5+ Ke4 66. Rc4+ Kf5 67. Rxf4+ 1-0

[Event "Mechanics' Summer TNM; G/2 d5"]
[Site "San Francisco"]
[Date "2017.05.30"]
[Round "2.46"]
[White "Agdamag, Samuel"]
[Black "Stearman, Josiah"]
[Result "0-1"]
[WhiteElo "1522"]
[BlackElo "2290"]
[PlyCount "106"]
[EventDate "2017.??.??"]

1. e4 c5 2. Nf3 Nc6 3. Bb5 Na5 4. d4 a6 5. Be2 e6 6. O-O b5 7. b3 Bb7 8. Nbd2
Rc8 9. Bb2 c4 10. bxc4 Nxc4 11. Bxc4 bxc4 12. c3 Qa5 13. Re1 Nf6 14. Ne5 d5 15.
exd5 Bxd5 16. Ndf3 Bd6 17. Ng5 O-O 18. Re3 h6 19. Ngf3 Ne4 20. Nd2 Bxe5 21.
Nxe4 Bf4 22. Re1 f5 23. Ng3 Rb8 24. Bc1 Bxg3 25. hxg3 Qxc3 26. Bf4 Rb2 27. Be5
Rd2 28. Qa4 Qb2 29. Qd7 Qb7 30. Qxb7 Bxb7 31. Bd6 Re8 32. Rab1 Bd5 33. Be5 Rxa2
34. Ra1 Rxa1 35. Rxa1 Ra8 36. Ra5 Bb7 37. Rc5 Rc8 38. Bc7 Bd5 39. f3 g5 40. Kf1
Kf7 41. Ke2 Ke8 42. Kd2 Kd7 43. Bb6 Rb8 44. Ba5 Rb2+ 45. Ke3 Rxg2 46. Rc7+ Ke8
47. Rh7 Rxg3 48. Rxh6 Rxf3+ 49. Ke2 Ra3 50. Ke1 Kf7 51. Rh8 g4 52. Rf8+ Kg7 53.
Rc8 g3 0-1

[Event "Mechanics' Spring TNM; G/2"]
[Site "San Francisco"]
[Date "2017.04.04"]
[Round "4.24"]
[White "Agdamag, Samuel"]
[Black "Wonsever, James"]
[Result "0-1"]
[WhiteElo "1503"]
[BlackElo "1827"]
[PlyCount "52"]
[EventDate "2017.??.??"]

1. Nf3 d5 2. c4 Nf6 3. e3 c6 4. Nc3 e6 5. b3 Bd6 6. Bb2 Nbd7 7. d4 O-O 8. c5
Bc7 9. Bd3 e5 10. dxe5 Nxe5 11. Nxe5 Bxe5 12. Qc2 Re8 13. O-O Bxh2+ 14. Kxh2
Ng4+ 15. Kg3 Qg5 16. Bxh7+ Kf8 17. Kf3 Nxe3 18. Ne4 dxe4+ 19. Qxe4 Rxe4 20.
Bxe4 Bg4+ 21. Kg3 Nxf1+ 22. Rxf1 Be2+ 23. Kh2 Bxf1 24. g3 Ke7 25. Kg1 Bh3 26.
Bd4 Qg4 0-1

[Event "Mechanics' Summer TNM; G/2 d5"]
[Site "San Francisco"]
[Date "2017.07.18"]
[Round "8.27"]
[White "Agdamag, Samuel Za"]
[Black "Enkh, Tergelsar"]
[Result "1-0"]
[WhiteElo "1522"]
[BlackElo "1414"]
[Annotator "Donaldson"]
[PlyCount "57"]
[EventDate "2017.??.??"]

1. Nf3 d5 2. c4 Nf6 3. g3 (3. cxd5 $1) 3... e6 4. Bg2 Nc6 5. Qc2 Bc5 6. O-O d4
7. d3 h6 8. Nbd2 O-O 9. Rb1 a5 10. a3 Qd6 11. Ne1 e5 12. Ne4 Nxe4 13. Bxe4 Bh3
14. Bg2 Bxg2 15. Kxg2 Rfe8 16. Nf3 f5 17. Nh4 Qe6 18. Qb3 Ra7 (18... a4 $1 19.
Qc2 e4 $17) 19. Qb5 {Diagram [#]} Ra6 $4 (19... a4 $1 20. Qxc5 $4 Ra5) 20. Qxc5
g5 21. Nf3 e4 22. Nxd4 Nxd4 23. Qxd4 exd3 24. Qd5 dxe2 25. Qxe6+ Raxe6 26. Re1
Rd6 27. Be3 f4 28. gxf4 gxf4 29. Bxf4 1-0

[Event "Mechanics' Winter TNM; G/2"]
[Site "San Francisco"]
[Date "2017.01.17"]
[Round "3.23"]
[White "Allen, Tom Carter"]
[Black "Andries, W Craig"]
[Result "0-1"]
[WhiteElo "1420"]
[BlackElo "1837"]
[PlyCount "45"]
[EventDate "2017.??.??"]

1. e4 g6 2. d4 Bg7 3. Nf3 c6 4. Nc3 d5 5. exd5 cxd5 6. Bb5+ Bd7 7. Qd3 a6 8.
Bxd7+ Qxd7 9. O-O e6 10. Re1 Ne7 11. Bf4 O-O 12. Re2 b5 13. a3 Nbc6 14. Be5
Nxe5 15. Nxe5 Qc7 16. Rae1 Rad8 17. Nb1 Nc6 18. Nxc6 Qxc6 19. c3 Rfe8 20. Nd2
Qb6 21. Nf3 f6 22. Qd2 a5 23. Qc2 {
The position is balanced but White had to leave.} 0-1

[Event "Mechanics' Spring TNM; G/2"]
[Site "San Francisco"]
[Date "2017.03.21"]
[Round "2.24"]
[White "Allen, Tom Carter"]
[Black "Jensen, Christian"]
[Result "0-1"]
[WhiteElo "1420"]
[BlackElo "1853"]
[Annotator "Donaldson"]
[PlyCount "51"]
[EventDate "2017.??.??"]

1. e4 c5 2. d4 cxd4 3. c3 Nf6 4. Qxd4 Nc6 5. Qa4 d6 6. Nf3 Nd7 7. Bb5 Qc7 8.
O-O g6 9. Bf4 Bg7 10. Qc2 a6 11. Ba4 b5 12. Bb3 Nc5 13. Nbd2 Nxb3 14. Nxb3 O-O
15. Rad1 Bg4 16. Nbd2 Nb4 17. Qb1 Nc6 18. h3 Bd7 19. Nb3 f5 20. Rfe1 fxe4 21.
Qxe4 Bf5 22. Qe3 Qa7 23. Qxa7 Rxa7 24. Bg5 Bxh3 25. Nfd4 Nxd4 (25... Nxd4 26.
Nxd4 Bxd4 27. cxd4 Bf5 28. Rxe7) 26. Nxd4 {
White is regaining the pawn with a slight edge but had an emergency.} 0-1

[Event "Mechanics' Winter TNM; G/2"]
[Site "San Francisco"]
[Date "2017.02.14"]
[Round "7.36"]
[White "Allen, Tom Carter"]
[Black "MacIntyre, Brendan"]
[Result "1/2-1/2"]
[WhiteElo "1420"]
[BlackElo "1502"]
[Annotator "Donaldson"]
[PlyCount "80"]
[EventDate "2017.??.??"]

1. e4 c5 2. d4 cxd4 3. c3 dxc3 4. Nxc3 Nc6 5. Nf3 d6 6. Bc4 Nf6 7. O-O e6 8.
Qe2 Be7 9. Rd1 Ng4 $2 (9... e5) (9... Bd7) 10. Bf4 O-O 11. h3 e5 12. Bg3 Nh6
13. Bb3 (13. Nxe5 $1) 13... Be6 (13... Bd7) 14. Nxe5 Nxe5 15. Bxe5 a6 16. Ba4 (
16. Bf4) (16. Bxe6 fxe6 17. Bxd6 $1 Bxd6 18. e5) 16... b5 17. Bc2 Qb6 18. Bd4
Qc6 19. Nd5 $1 Bxd5 20. exd5 Qd7 21. Rd3 Rae8 22. Rg3 $1 Bg5 23. Rxg5 f6 {
Diagram [#]} (23... Rxe2 24. Rxg7+ Kh8 25. Rxh7+ Kg8 26. Rh8#) 24. Bxh7+ (24.
Qd3 $1 {decides things immediately.}) 24... Kxh7 25. Qd3+ Kh8 26. Rh5 Qf7 27.
Qf3 Qg6 28. Be3 Re5 29. Rxe5 dxe5 30. d6 $1 f5 31. Qd5 Nf7 32. Rd1 f4 33. Bb6
e4 34. Bc7 Nd8 35. d7 e3 36. fxe3 fxe3 (36... f3 37. Rd2) 37. Qe5 Qc2 38. Qh5+
Kg8 39. Bxd8 Qf2+ 40. Kh1 {White was close to finishing off a nicely played
game and should have continued.} (40. Kh1 Rxd8 41. Qe8+ Qf8 (41... Kh7 42. Rd4
$1 {winning} (42. Qxd8 e2)) 42. Qxe3 {and again White should be winning.})
40... Rxd8 1/2-1/2

[Event "Mechanics' Fall TNM; G/2 d5"]
[Site "San Francisco"]
[Date "2017.12.12"]
[Round "8.51"]
[White "Allen, Tom Carter"]
[Black "Otterbach, Renate"]
[Result "0-1"]
[WhiteElo "1400"]
[BlackElo "1159"]
[Annotator "Donaldson"]
[PlyCount "33"]
[EventDate "2017.??.??"]

1. e4 e6 2. Nf3 d5 3. exd5 exd5 4. d4 Nf6 5. c4 c5 6. Nc3 Bf5 7. cxd5 Nxd5 8.
Bb5+ Nc6 9. Qe2+ Be7 10. dxc5 O-O 11. O-O Bxc5 12. Nxd5 Qxd5 13. Rd1 Qe4 14.
Qf1 Ne5 15. Nd2 $2 {Diagram [#]} (15. Nxe5) 15... Qg4 (15... Qh4 $1 {
with the deadly threat of ...Ng4.}) 16. Be2 Qg6 17. Nc4 $15 {
Remaining moves unavailable.} 0-1

[Event "Mechanics' Spring TNM; G/2"]
[Site "San Francisco"]
[Date "2017.04.11"]
[Round "5.34"]
[White "Allen, Tom Carter"]
[Black "Yanofsky, Kevin"]
[Result "0-1"]
[WhiteElo "1420"]
[BlackElo "1642"]
[PlyCount "54"]
[EventDate "2017.??.??"]

1. e4 c5 2. d4 cxd4 3. c3 g6 4. cxd4 d5 5. e5 Bg7 6. Nf3 Bg4 7. Qa4+ Nc6 8. Bb5
Qb6 9. Bxc6+ bxc6 10. Nbd2 Nh6 11. O-O O-O 12. Ne1 $2 Be2 13. Nc2 Bxf1 14. Nxf1
f6 15. Be3 Nf5 16. Nb4 Nxe3 17. Nxe3 Qxd4 18. Rd1 Qe4 19. Qb3 Rab8 20. Nec2 a5
21. f3 Qf5 22. Nxd5 Rxb3 23. Nxe7+ Kf7 24. Nxf5 Rxb2 25. Nd6+ Kg8 26. Nd4 fxe5
27. Ne6 Rf6 0-1

[Event "Mechanics' Summer TNM; G/2 d5"]
[Site "San Francisco"]
[Date "2017.06.20"]
[Round "5.18"]
[White "Anderson, Michael"]
[Black "Cohee, James"]
[Result "1-0"]
[WhiteElo "1905"]
[BlackElo "1651"]
[PlyCount "93"]
[EventDate "2017.??.??"]

1. e4 c5 2. d4 cxd4 3. c3 d5 4. exd5 Qxd5 5. cxd4 Nf6 6. Nc3 Qd8 7. h3 e6 8.
Nf3 Nc6 9. a3 Be7 10. Bd3 O-O 11. O-O a6 12. Bg5 Ne8 13. Be3 Nc7 14. Rc1 Nd5
15. Bb1 Re8 16. Qd3 g6 17. Bh6 Bf8 18. Bxf8 Rxf8 19. Ne4 Nf6 20. Ng3 Bd7 21. h4
Ne7 22. Qe3 Kg7 23. h5 Bc6 24. h6+ Kg8 25. Qe5 Ne8 26. Ng5 Qd5 27. Be4 Qxe5 28.
dxe5 Nc7 29. Bxc6 Nxc6 30. N5e4 Nd5 31. f4 Nce7 32. Nd6 b5 33. Rf3 Nf5 34.
Ngxf5 exf5 35. Rc5 Nb6 36. Rg3 Rfd8 37. Nxf5 Rd1+ 38. Kh2 Nc4 39. Ne3 Nxe3 40.
Rxe3 Rad8 41. Rec3 Kf8 42. Rc8 Ke7 43. R3c7+ Ke6 44. Rc6+ Kf5 45. Rf6+ Kg4 46.
Rxd8 Rxd8 47. Rxf7 1-0

[Event "Mechanics' Peter Grey TNM; G/2 d5"]
[Site "San Francisco"]
[Date "2017.09.12"]
[Round "6.16"]
[White "Anderson, Michael"]
[Black "Dupree, Charles"]
[Result "0-1"]
[WhiteElo "1908"]
[BlackElo "1605"]
[Annotator "Donaldson"]
[PlyCount "110"]
[EventDate "2017.??.??"]

1. e4 c5 2. d4 cxd4 3. c3 dxc3 4. Nxc3 a6 5. Bc4 e6 6. Nf3 Nc6 7. O-O Bc5 8.
Qe2 Nge7 9. a3 b5 10. Ba2 O-O 11. b4 $2 {Diagram [#]} (11. Bg5) 11... Nd4 $1
12. Qd1 Nxf3+ 13. gxf3 Ba7 14. Bg5 d6 15. Qd2 Bb7 16. Rfd1 Rc8 17. Rac1 Bb8 18.
Qe3 Qd7 19. Bh4 Nc6 20. Qg5 Bc7 21. Qg2 Bd8 22. Bg3 Be7 23. e5 d5 24. Ne4 Kh8
25. Bb1 f5 26. exf6 Bxf6 27. Nc5 Qf7 28. Qh3 g6 29. Qxe6 Nd4 30. Qxf7 Rxf7 31.
Kg2 Ne2 32. Rc2 Nc3 33. Nxb7 Rxb7 34. Rxd5 Rf8 35. Ba2 Nxd5 36. Bxd5 Rd7 37.
Be4 Rfd8 38. Rc6 Kg7 39. Rxa6 Bb2 40. Rb6 Bxa3 41. Be5+ Kg8 42. Rxb5 Rd2 43.
Rb6 Bb2 44. Bf4 Bd4 45. Bxd2 Bxb6 46. Be3 Bxe3 47. fxe3 Rb8 48. Bd5+ Kf8 49. e4
Rxb4 50. h4 Ke7 51. Kg3 Kf6 52. f4 Rd4 53. Kg4 Rd3 54. e5+ Kg7 55. Be4 h5+ 0-1

[Event "Mechanics' Peter Grey TNM; G/2 d5"]
[Site "San Francisco"]
[Date "2017.08.29"]
[Round "4.16"]
[White "Anderson, Michael"]
[Black "Eastham, Asher"]
[Result "1/2-1/2"]
[WhiteElo "1908"]
[BlackElo "1627"]
[Annotator "Donaldson"]
[PlyCount "114"]
[EventDate "2017.??.??"]

1. f4 d5 2. Nf3 Nf6 3. b3 c5 4. Bb2 Bf5 5. e3 e6 6. Be2 Be7 7. O-O O-O 8. Nh4
Nc6 9. d3 Qd7 10. Nd2 Rad8 11. a3 Rfe8 12. Rc1 h6 13. Nxf5 exf5 14. h3 Qe6 15.
Rf3 Bd6 16. Bxf6 Qxf6 17. Qe1 Bc7 18. c3 Re6 19. b4 Qe7 20. Qg3 Re8 21. Nf1 Bb6
22. b5 Nb8 23. Bd1 Nd7 24. a4 Nf6 25. Bc2 d4 26. Bb3 Rd6 27. c4 Bc7 28. Re1 Re6
29. Qf2 a6 30. g3 Qd7 31. Qd2 Qd8 32. Re2 Ba5 33. Qc1 dxe3 34. Rfxe3 Qd4 35.
Kg2 Rxe3 36. Rxe3 Kf8 (36... Rxe3 37. Nxe3 (37. Qxe3 Qb2+) 37... Qxd3) 37.
Rxe8+ Nxe8 38. Qe3 Qxe3 (38... Qb2+ {It's very unlikely that the two players
overlooked the bishop hanging twice in one game, but this is how the
scoresheet reads.}) 39. Nxe3 g6 40. Nd5 Bd8 41. Bd1 Nf6 42. Nxf6 Bxf6 43. Bf3
axb5 44. cxb5 b6 45. g4 fxg4 46. hxg4 Bc3 47. Bc6 Ke7 48. Kf3 Ke6 49. Bb7 f6
50. Bc8+ Kd5 51. Bb7+ Kd4 52. Be4 g5 53. fxg5 hxg5 54. Ke2 Ke5 55. Ke3 Bd4+ 56.
Kf3 Bc3 57. Bc6 Bd4 1/2-1/2